000
00282nam a2200109Ia 4500
005
20251222144739.0
008
251222s9999||||xx |||||||||||||| ||spa||
082
_a
005.8/I59/4
245
0
_a
Normas de seguridad para afrontar el virus '' I LOVE YOU ''
264
_b
INEI
942
_c
LIB
999
_c
18882
_d
18882